Quiz o Haiti - Statystyki

Ogólne statystyki
  • Ten quiz został rozwiązany 939 razy
  • Średni wynik to 12 z 20
Statystyki odpowiedzi
Wskazówka Odpowiedź % Poprawnych
Kraj graniczący z Haiti Dominikana
98%
Morze, na którym leży Haiti Morze Karaibskie
92%
Kraj okupujący Haiti w latach 1915–1934 Stany Zjednoczone
85%
Języki urzędowe Francuski
82%
Rodzaj klęski żywiołowej, w wyniku której w 2010 r. zginęło >100 000 osób Trzęsienie ziemi
82%
Stolica Port-au-Prince
80%
Powyższe jest częścią tej grupy wysp Wielkie {Antyle}
79%
Wyspa współdzielona z wyżej wymienionymi Hispaniola
73%
Z dokładnością do najbliższej liczby całkowitej,% Haitańczyków pochodzenia afrykańskiego 100
69%
Języki urzędowe Haitański
67%
Kraj, który niedawno wyprzedził Haiti jako kraj o najgorszym skrajnym ubóstwie w obu Amerykach Wenezuela
63%
Założyciel pierwszej europejskiej osady La Navidad Krzysztof Kolumb
57%
Religia afrykańska, która została włączona w wierzenia katolickie Vodou
48%
Wyspa, która kiedyś była rajem dla piratów (wskazówka: po hiszpańsku żółw) Tortuga
45%
Ojciec i syn dyktatorzy Haiti {Papa} Doc
33%
Ojciec i syn dyktatorzy Haiti {Baby} Doc
25%
Były piosenkarz "Fugees", który próbował kandydować na prezydenta w 2010 roku Wyclef Jean
23%
Nazwa kolonialna Haiti Saint-{Domingue}
20%
Pierwszy wybrany demokratycznie prezydent Haiti w 1991 roku Jean-Bertrand {Aristide}
18%
Lider rewolucji haitańskiej Toussaint Louverture
17%
Nie znaleziono quizów pasujących do podanych kryteriów
Rozkład punktacji
Procent ludzi z każdym wynikiem
Percentyl według liczby udzielonych odpowiedzi
Twoja historia wyników
Nie rozwiązałeś tego quizu